| 000 | 00560nam a2200229Ia 4500 | ||
|---|---|---|---|
| 003 | OSt | ||
| 005 | 20220331095211.0 | ||
| 008 | 210210b2010 xxu||||| |||| 00| 0 eng d | ||
| 020 | _a9788178902050 | ||
| 040 |
_aAL _c |
||
| 041 | _aeng | ||
| 082 | _a535.84 DUTA | ||
| 100 |
_aDUTTA (M K) _926792 |
||
| 245 | _aAtomic and molecular spectroscopy | ||
| 260 |
_aDelhi _bIVY Publishing House _c2010 |
||
| 300 | _aviii,166 | ||
| 650 |
_amolecular _926793 |
||
| 650 |
_aAtomic _926794 |
||
| 690 |
_aSpectroscopy _926795 |
||
| 906 | _a065885 | ||
| 942 |
_2ddc _cBK |
||
| 999 |
_c147224 _d147224 |
||